[Event "DOTMLPFi FIDE Invitational"]
[Site "?"]
[Date "2010.11.27"]
[Round "6.4"]
[White "Atkins, Michael"]
[Black "Belke, Thomas"]
[Result "1/2-1/2"]
[WhiteElo "1890"]
[BlackElo "1869"]
[PlyCount "89"]
[SourceDate "2010.11.27"]

1. Nf3 f5 2. g3 Nf6 3. Bg2 g6 4. O-O Bg7 5. d3 O-O 6. Nbd2 d6 7. e4 e5 8. c3
Qe8 9. Re1 Nc6 10. Qe2 h6 11. Nc4 g5 12. exf5 Bxf5 13. Ne3 Bh7 14. g4 Ne7 15.
Nd2 c6 16. Ne4 Rd8 17. Ng3 Nd7 18. Nh5 Nc5 19. Rd1 e4 20. dxe4 Nxe4 21. Nxg7
Kxg7 22. Nf5+ Nxf5 23. Qxe4 Qxe4 24. Bxe4 Nh4 25. Bg2 Nxg2 26. Kxg2 Be4+ 27.
Kg1 Bf3 28. Rd4 c5 29. Ra4 a6 30. Be3 Bc6 31. Ra3 Bd7 32. h3 Kg6 33. b4 c4 34.
Rd1 Bb5 35. Bb6 Rd7 36. Re1 Kf7 37. Be3 Re8 38. Rd1 Re6 39. Rd5 Ke8 40. Ra5 Re5
41. Rd1 d5 42. a4 Rxe3 43. fxe3 b6 44. Rxb5 axb5 45. axb5 {... draw agreed.}
1/2-1/2

[Event "DOTMLPFi FIDE Invitational"]
[Site "?"]
[Date "2010.11.27"]
[Round "6.2"]
[White "Ranario, Dan"]
[Black "Zhou, Kevin"]
[Result "1-0"]
[WhiteElo "2103"]
[BlackElo "1826"]
[PlyCount "180"]
[SourceDate "2010.11.27"]

1. Nf3 Nf6 2. g3 g6 3. Bg2 Bg7 4. c4 O-O 5. Nc3 d6 6. d4 Nbd7 7. O-O e5 8. Qc2
c6 9. Rd1 Qc7 10. b3 Re8 11. Ba3 e4 12. Ng5 e3 13. Nge4 exf2+ 14. Nxf2 d5 15.
Bc1 Nb6 16. c5 Nbd7 17. Bf4 Qa5 18. Rab1 Nh5 19. b4 Qa6 20. Bf1 b5 21. Bc1 Ndf6
22. e4 dxe4 23. Be3 Qb7 24. a4 a6 25. d5 Nxd5 26. Nxd5 cxd5 27. c6 Qc7 28. Rxd5
Nxg3 29. Qc5 Nxf1 30. Rxf1 Be6 31. Rd2 Bc4 32. Rc1 Rac8 33. Rxc4 bxc4 34. b5
axb5 35. axb5 c3 36. Rd7 Qe5 37. Qc4 Qe6 38. Qxe6 Rxe6 39. c7 Be5 40. b6 Kg7
41. b7 Rxc7 42. b8=Q Rxd7 43. Qb3 Rd3 44. Nxd3 exd3 45. Qd5 d2 46. Bxd2 cxd2
47. Qxd2 Bf6 48. h3 h6 49. Kg2 Rb6 50. Qd3 Rb4 51. Kf3 g5 52. Kg2 Rf4 53. Qd5
Bd4 54. Kg3 Kg6 55. Qc6+ Rf6 56. Qe4+ Kg7 57. Qxd4 Kg6 58. Qe4+ Kg7 59. Qe5 Kg6
60. h4 Re6 61. Qc5 f5 62. h5+ Kxh5 63. Qxf5 Re3+ 64. Kf2 Ra3 65. Qe6 Rc3 66.
Qe2+ Kh4 67. Qe4+ Kh5 68. Qh1+ Kg6 69. Qb1+ Kh5 70. Qd1+ Kg6 71. Qd4 Rc1 72.
Kg3 Kh5 73. Qg4+ Kg6 74. Qe6+ Kg7 75. Qe7+ Kg6 76. Qe8+ Kg7 77. Qe3 Rf1 78.
Qe5+ Rf6 79. Kg4 Kg6 80. Qe8+ Kg7 81. Kh5 Rf7 82. Qe4 Rf6 83. Qd3 Kg8 84. Qd7
Kf8 85. Qc7 Kg8 86. Qe7 Ra6 87. Qd8+ Kg7 88. Qc7+ Kf6 89. Kxh6 Kf5+ 90. Kh5 Rf6
{... and Black resigned.} 1-0

[Event "DOTMLPFi FIDE Invitational"]
[Site "?"]
[Date "2010.11.27"]
[Round "6.3"]
[White "Larkins, Larry"]
[Black "Flores, Rodney"]
[Result "1-0"]
[WhiteElo "2147"]
[BlackElo "2003"]
[PlyCount "115"]
[SourceDate "2010.11.27"]

1. e4 g6 2. d4 Bg7 3. c4 d6 4. Nc3 Nc6 5. Nge2 e5 6. d5 Nce7 7. Be3 f5 8. f3
Bh6 9. Qd2 Bxe3 10. Qxe3 Nf6 11. Nc1 O-O 12. Be2 Nh5 13. Nd3 Kh8 14. Qg5 c5 15.
dxc6 bxc6 16. c5 d5 17. exd5 cxd5 18. Nxe5 d4 19. Nb5 a6 20. Nd6 Be6 21. Qd2
Nd5 22. Qxd4 Qa5+ 23. Kf2 Kg8 24. a3 Ndf4 25. b4 Qd8 26. h4 Nxe2 27. Kxe2 Ng3+
28. Kf2 Nxh1+ 29. Rxh1 Bb3 30. f4 Qe7 31. g3 Qe6 32. Re1 Qd5 33. Qxd5+ Bxd5 34.
Nd7 Bc6 35. Nxf8 Kxf8 36. Re5 Rb8 37. Re2 Kg7 38. Re7+ Kf6 39. Rc7 Ba4 40. Rc8
Rxc8 41. Nxc8 h6 42. Ke3 g5 43. hxg5+ hxg5 44. Kd4 gxf4 45. gxf4 Ke6 46. Nd6
Bc6 47. Nc4 Bb5 48. Ne3 Bc6 49. Nd1 Ba4 50. Ne3 Bc6 51. a4 Be8 52. b5 axb5 53.
axb5 Bf7 54. Nd5 Kd7 55. b6 Kc6 56. Ne7+ Kb7 57. Nxf5 Kc6 58. Nd6 {... and
Black resigned.} 1-0

[Event "DOTMLPFi FIDE Invitational"]
[Site "?"]
[Date "2010.11.27"]
[Round "6.5"]
[White "Miller, Daniel"]
[Black "Barnakov, Yuri"]
[Result "0-1"]
[WhiteElo "2321"]
[BlackElo "2246"]
[PlyCount "115"]
[EventDate "2010.??.??"]
[SourceDate "2010.11.27"]

1. e4 e5 2. Nf3 Nc6 3. Bb5 a6 4. Bxc6 dxc6 5. O-O f6 6. d4 Bg4 7. c3 Bd6 8.
Nbd2 b5 9. Re1 c5 10. dxe5 fxe5 11. a4 Rb8 12. axb5 axb5 13. c4 b4 14. Qa4+ Bd7
15. Qa7 Bc6 16. Qa6 Ne7 17. Qa2 Ra8 18. Qb1 O-O 19. Nf1 Rxa1 20. Qxa1 Ng6 21.
Ng3 Qf6 22. Bg5 Qf7 23. b3 Bd7 24. Be3 Bg4 25. Nd2 Re8 26. f3 Bd7 27. Ne2 Nf8
28. Nc1 h6 29. Nd3 Qe7 30. Nf1 Kh7 31. Ng3 g6 32. Bf2 Ne6 33. Nxe5 Nf4 34. Nxd7
Qxd7 35. Qd1 Qe7 36. Ne2 Ne6 37. Qd5 Qf6 38. Bg3 Bxg3 39. hxg3 Rd8 40. Qc6 Rd6
41. Qb7 Rd7 42. Qa6 Rd2 43. Kh2 Qe7 44. Kg1 g5 45. g4 Qd7 46. Qa1 Qd3 47. Qf6
Qe3+ 48. Kh2 Ng7 49. Ng3 Qxe1 50. Nf5 Nxf5 51. Qxf5+ Kg7 52. Qe5+ Kf8 53. Qf5+
Ke7 54. Qxc5+ Kd7 55. Qf5+ Kd8 56. Qf8+ Kd7 57. Qf5+ Kd6 58. Qf8+ {... and
White resigned after another 8 or so moves.} 0-1

[Event "DOTMLPFi FIDE Invitational"]
[Site "?"]
[Date "2010.11.27"]
[Round "7.2"]
[White "Flores, Rodney"]
[Black "Atkins, Michael"]
[Result "1-0"]
[WhiteElo "2003"]
[BlackElo "1890"]
[PlyCount "53"]
[SourceDate "2010.11.27"]

1. e4 c6 2. Nc3 d5 3. Nf3 dxe4 4. Nxe4 Nf6 5. Ng3 g6 6. Bc4 Bg7 7. O-O O-O 8.
h3 Nbd7 9. a4 Nb6 10. Bb3 a5 11. Re1 Qc7 12. Qe2 e6 13. d4 Nbd5 14. c4 Nb4 15.
Ne4 Nh5 16. Ne5 Bxe5 17. dxe5 Qxe5 18. Bg5 Kg7 19. Qd2 Qc7 20. Bh6+ Kg8 21.
Bxf8 Kxf8 22. Qh6+ Ke7 23. Qxh7 Nd3 24. Re3 Ne5 25. g4 Nf4 26. Qh4+ Kf8 27.
Qh8+ {... and Black resigned.} 1-0

[Event "DOTMLPFi FIDE Invitational"]
[Site "?"]
[Date "2010.11.27"]
[Round "7.5"]
[White "Zhou, Kevin"]
[Black "Keskar, Himanshu"]
[Result "1-0"]
[WhiteElo "1826"]
[BlackElo "1855"]
[PlyCount "61"]
[SourceDate "2010.11.27"]

1. e4 c5 2. Nf3 d6 3. d4 cxd4 4. Nxd4 Nf6 5. Nc3 a6 6. Be3 e6 7. f3 Be7 8. Qd2
Nbd7 9. O-O-O O-O 10. g4 Qc7 11. g5 Ne8 12. f4 Nc5 13. Bd3 Nxd3+ 14. cxd3 b5
15. Kb1 b4 16. Nce2 g6 17. Rc1 Qb7 18. Nc6 a5 19. d4 Ng7 20. Ng3 d5 21. h4 Nh5
22. Nxh5 gxh5 23. Qe2 b3 24. a3 Re8 25. Qxh5 Bf8 26. Ne5 Bg7 27. Ng4 Qe7 28. e5
Ba6 29. Nf6+ Bxf6 30. gxf6 Bd3+ 31. Ka1 {... and Black resigned.} 1-0

[Event "DOTMLPFi FIDE Invitational"]
[Site "?"]
[Date "2010.11.27"]
[Round "7.3"]
[White "Belke, Thomas"]
[Black "Miller, Daniel"]
[Result "0-1"]
[WhiteElo "1869"]
[BlackElo "2321"]
[PlyCount "84"]
[SourceDate "2010.11.27"]

1. e4 c5 2. Nf3 g6 3. c3 Bg7 4. Bd3 Nc6 5. Bc2 d5 6. O-O dxe4 7. Bxe4 Qc7 8.
Bxc6+ bxc6 9. d4 cxd4 10. cxd4 Nf6 11. Nc3 O-O 12. h3 Rb8 13. Qe2 Nd5 14. Bg5
Re8 15. Rfd1 Qb6 16. Rd2 h6 17. Nxd5 cxd5 18. Bf4 Ba6 19. Qe3 Rbc8 20. Bxh6 Bh8
21. h4 Rc6 22. Qg5 Qd8 23. Ne5 Rf6 24. g4 Kh7 25. Qe3 Bg7 26. Bg5 Re6 27. Qf4
f6 28. Nf7 Qb8 29. Qf3 Re4 30. h5 Qc8 31. Bf4 gxh5 32. Bg3 Qxg4 33. Ne5 fxe5
34. Qf7 Rf8 35. Qxd5 Qf3 36. Qd7 exd4 37. Qxa7 Bb7 38. Qxb7 Re1+ 39. Rxe1 Qxb7
40. b3 e5 41. Bxe5 Bxe5 42. Rxe5 Qg7+ {... and White resigned.} 0-1

[Event "DOTMLPFi FIDE Invitational"]
[Site "?"]
[Date "2010.11.27"]
[Round "7.1"]
[White "Larkins, Larry"]
[Black "Xu, Correy"]
[Result "1-0"]
[WhiteElo "2147"]
[BlackElo "1817"]
[PlyCount "76"]
[SourceDate "2010.11.27"]

{Scoresheet has problems that need correcting ... haven't found the problem
yet.} 1. e4 g6 2. d4 Bg7 3. Nc3 d6 4. Be3 Nd7 5. f4 c5 6. Nf3 cxd4 7. Bxd4 e5
8. Bf2 Ne7 9. Qxd6 O-O 10. Bh4 Re8 11. fxe5 Qb6 12. O-O-O Nc6 13. Bg3 Ncxe5 14.
Nxe5 Nxe5 15. Qxb6 axb6 16. Bb5 Nc6 17. Rd3 Bxc3 18. Rxc3 Rxa2 19. Kb1 Ra8 20.
Rd1 Re6 21. Bc4 Re7 22. Bh4 Re8 23. Bd5 Ne5 24. Rc7 Rb8 25. Bf6 Nd7 26. Bc3 Ne5
27. Rf1 Be6 28. Bxe6 Rxe6 29. Bxe5 Rxe5 30. Rfxf7 Rxe4 31. Rg7+ Kh8 32. Rxh7+
Kg8 33. Rcg7+ Kf8 34. b3 Rc8 35. Rxb7 Kg8 36. Rhg7+ Kf8 37. Rxb6 Re1+ 38. Kb2
Re2 1-0

[Event "DOTMLPFi FIDE Invitational"]
[Site "?"]
[Date "2010.11.27"]
[Round "6.1"]
[White "Xu, Correy"]
[Black "Keskar, Himanshu"]
[Result "1-0"]
[WhiteElo "1817"]
[BlackElo "1856"]
[PlyCount "102"]
[SourceDate "2010.11.28"]

1. e4 e5 2. Nf3 Nc6 3. Bb5 a6 4. Bxc6 dxc6 5. O-O Bg4 6. h3 Bxf3 7. Qxf3 Qd7 8.
d3 O-O-O 9. Nd2 f6 10. Nc4 h5 11. Rd1 g5 12. Bxg5 Be7 13. Be3 Kb8 14. d4 Qe6
15. Na5 Qc8 16. dxe5 fxe5 17. Qg3 Bd6 18. Nc4 Nf6 19. Nxd6 cxd6 20. Qg6 Ne8 21.
Qf5 Qxf5 22. exf5 Kc7 23. g4 hxg4 24. hxg4 Nf6 25. f3 Rhg8 26. Kf2 Nd5 27. Rh1
Rh8 28. a3 Nxe3 29. Kxe3 d5 30. f4 Rhe8 31. g5 exf4+ 32. Kxf4 Re4+ 33. Kg3 Rg8
34. g6 Kd6 35. Rae1 Ke5 36. Rxe4+ dxe4 37. Kg4 Rf8 38. Kg5 Rxf5+ 39. Kh6 Rf2
40. g7 Rg2 41. Kh7 e3 42. g8=Q Rxg8 43. Kxg8 Ke4 44. Kf7 e2 45. Ke6 Ke3 46. Kd6
Kd2 47. Rh2 Kd1 48. Rh1+ Kxc2 49. Kc7 Kd2 50. Kxb7 e1=Q 51. Rxe1 Kxe1 {... and
Black resigned after a few more moves.} 1-0

[Event "DOTMLPFi FIDE Invitational"]
[Site "?"]
[Date "2010.11.28"]
[Round "8.1"]
[White "Xu, Correy"]
[Black "Zhou, Kevin"]
[Result "0-1"]
[WhiteElo "1817"]
[BlackElo "1826"]
[PlyCount "40"]
[SourceDate "2010.11.28"]

1. e4 c5 2. Nf3 e6 3. c3 d5 4. exd5 Qxd5 5. d4 Nc6 6. Be3 Nf6 7. Nbd2 cxd4 8.
Bc4 dxe3 9. Bxd5 exd2+ 10. Qxd2 Nxd5 11. O-O Be7 12. Nd4 Nxd4 13. Qxd4 O-O 14.
Rfd1 Bd7 15. Rac1 Bc6 16. f3 Bg5 17. Kh1 Bxc1 18. Rxc1 Rfd8 19. Qf2 Nf4 20. Qh4
e5 {... and White resigned.} 0-1

[Event "DOTMLPFi FIDE Invitational"]
[Site "?"]
[Date "2010.11.28"]
[Round "8.3"]
[White "Ranario, Daniel P."]
[Black "Belke, Thomas"]
[Result "1/2-1/2"]
[WhiteElo "2103"]
[BlackElo "1869"]
[PlyCount "51"]
[SourceDate "2010.11.28"]

1. e4 e6 2. g3 Nf6 3. Bg2 d5 4. exd5 exd5 5. Qe2+ Qe7 6. d4 Qxe2+ 7. Nxe2 Bf5
8. c4 Nbd7 9. Nbc3 O-O-O 10. Nxd5 Nxd5 11. cxd5 Bb4+ 12. Nc3 Rhe8+ 13. Be3 Nf6
14. O-O-O Bxc3 15. bxc3 Nxd5 16. Bxd5 Rxd5 17. Rd2 Rb5 18. Rb2 Rxb2 19. Kxb2
Be6 20. a4 a5 21. Ka3 Bc4 22. Rb1 Re6 23. h4 h5 24. Rb2 g6 25. Rb1 Rd6 26. Rb2
{... Draw agreed.} 1/2-1/2

[Event "DOTMLPFi FIDE Invitational"]
[Site "?"]
[Date "2010.11.28"]
[Round "8.5"]
[White "Atkins, Michael"]
[Black "Larkins, Larry"]
[Result "0-1"]
[WhiteElo "1890"]
[BlackElo "2147"]
[PlyCount "74"]
[SourceDate "2010.11.28"]

1. Nf3 d5 2. g3 g6 3. Bg2 Bg7 4. O-O e5 5. d3 Ne7 6. Nbd2 O-O 7. e4 c6 8. Re1
Qc7 9. Qe2 d4 10. a4 a5 11. Nc4 b5 12. axb5 cxb5 13. Na3 Bd7 14. Nh4 Na6 15. f4
f6 16. Rf1 Nb4 17. Rf2 Qd6 18. Nf3 Rac8 19. Ne1 Rc7 20. b3 Qb6 21. fxe5 fxe5
22. Rxf8+ Bxf8 23. Bg5 h6 24. Bd2 Nc8 25. Bf3 Qe6 26. Nxb5 Bxb5 27. Rxa5 Qb6
28. Bxb4 Bxb4 29. Ra2 Ra7 30. Rxa7 Nxa7 31. Ng2 Be7 32. Bg4 Be8 33. h4 Nb5 34.
Ne1 Kg7 35. Nf3 Qc7 36. Be6 Na3 37. Ne1 Bb4 0-1

[Event "DOTMLPFi FIDE Invitational"]
[Site "?"]
[Date "2010.11.28"]
[Round "8.4"]
[White "Miller, Daniel"]
[Black "Flores, Rodney"]
[Result "1-0"]
[WhiteElo "2321"]
[BlackElo "2003"]
[PlyCount "57"]
[SourceDate "2010.11.28"]

1. e4 g6 2. d4 Bg7 3. Nc3 c6 4. Bc4 b5 5. Bb3 a5 6. a3 Ba6 7. Qf3 e6 8. e5 d5
9. exd6 Nf6 10. Bg5 Nbd7 11. Ne4 a4 12. Ba2 Qa5+ 13. Bd2 Qb6 14. Be3 Nd5 15.
Nc5 Nxe3 16. Qxe3 O-O-O 17. Nf3 e5 18. Nxd7 Rxd7 19. Nxe5 Re8 20. O-O Bxe5 21.
dxe5 Qxe3 22. fxe3 Rxe5 23. Rf6 Rxe3 24. Bxf7 Kb8 25. Kf2 Re5 26. Re1 Rxe1 27.
Kxe1 Bb7 28. Kf2 c5 29. Be8 {... and White resigned.} 1-0

[Event "DOTMLPFi FIDE Invitational"]
[Site "?"]
[Date "2010.11.28"]
[Round "8.2"]
[White "Himanshu, Keskar"]
[Black "Barnakov, Yuri"]
[Result "0-1"]
[WhiteElo "1855"]
[BlackElo "2246"]
[PlyCount "58"]
[SourceDate "2010.11.28"]

1. d4 d5 2. c4 e6 3. a3 c6 4. cxd5 exd5 5. Nf3 Nf6 6. g3 Bd6 7. Bg2 Ne4 8. O-O
Nd7 9. Nbd2 f5 10. Nxe4 fxe4 11. Ne1 O-O 12. Nc2 Nf6 13. Ne3 Be6 14. b4 Qd7 15.
Rb1 Bh3 16. Qb3 Bxg2 17. Kxg2 a6 18. a4 Rf7 19. Bd2 h5 20. h4 Raf8 21. b5 axb5
22. axb5 g5 23. bxc6 bxc6 24. hxg5 Ng4 25. Nxg4 Qxg4 26. Qe3 Rf3 27. exf3 exf3+
28. Kg1 Qh3 29. Qxf3 Rxf3 {... and White resigned.} 0-1

[Event "DOTMLPFi FIDE Invitational"]
[Site "?"]
[Date "2010.11.28"]
[Round "9.1"]
[White "Barnakov, Yuri"]
[Black "Zhou, Kevin"]
[Result "*"]
[WhiteElo "2246"]
[BlackElo "1826"]
[PlyCount "45"]
[SourceDate "2010.11.28"]

1. d4 Nf6 2. Nc3 d5 3. Bg5 Bf5 4. e3 e6 5. Nf3 Bd6 6. Nh4 Bg6 7. Nxg6 hxg6 8.
h3 c6 9. a3 Nbd7 10. e4 dxe4 11. Nxe4 Be7 12. Nxf6+ Nxf6 13. Bc4 Qb6 14. b4
Bxb4+ 15. Kf1 Be7 16. Rb1 Qc7 17. Qf3 Rd8 18. c3 Rd7 19. g3 Qa5 20. Bd2 Qxa3
21. Kg2 b5 22. Ra1 Qb2 23. Ra2 {... Black resigned ... Ah, what could have
been!?} *

[Event "DOTMLPFi FIDE Invitational"]
[Site "?"]
[Date "2010.11.28"]
[Round "9.5"]
[White "Atkins, Michael"]
[Black "Xu, Correy"]
[Result "*"]
[WhiteElo "1890"]
[BlackElo "1817"]
[PlyCount "67"]
[SourceDate "2010.11.28"]

1. Nf3 Nf6 2. g3 g6 3. Bg2 Bg7 4. O-O O-O 5. d3 d6 6. e4 e5 7. Re1 Nc6 8. c3
Ne8 9. Bg5 f6 10. Be3 f5 11. Qb3+ Kh8 12. exf5 Rxf5 13. Nh4 Rf8 14. Nd2 Nf6 15.
Bg5 Qe8 16. f4 Qf7 17. Bxf6 Bxf6 18. Bd5 Qg7 19. Ng2 exf4 20. Nxf4 Bg5 21. Nf3
Bxf4 22. gxf4 Nd8 23. Qb4 a5 24. Qd4 c6 25. Bb3 Bg4 26. Qe3 a4 27. Bc2 Qf6 28.
Ng5 Qxf4 29. Qxf4 Rxf4 30. Re8+ Kg7 31. Rae1 Kh6 32. Ne4 d5 33. Nc5 Rb8 34.
Nxa4 {... draw agreed.} *

[Event "DOTMLPFi FIDE Invitational"]
[Site "?"]
[Date "2010.11.28"]
[Round "9.3"]
[White "Flores, Rodney"]
[Black "Ranario, Dan"]
[Result "1-0"]
[WhiteElo "2003"]
[BlackElo "2103"]
[PlyCount "82"]
[SourceDate "2010.11.28"]

1. e4 c5 2. Nf3 e6 3. c3 a6 4. d4 cxd4 5. cxd4 d5 6. e5 Bb4+ 7. Nc3 Ne7 8. Bd3
Nbc6 9. O-O Nf5 10. Be3 h6 11. Qb3 Bxc3 12. bxc3 O-O 13. Rae1 Na5 14. Qd1 b5
15. Nd2 Nxe3 16. Rxe3 f5 17. exf6 Rxf6 18. Bb1 Nc4 19. Rg3 Qf8 20. Nf3 Ra7 21.
Qd3 Rc7 22. Qh7+ Kf7 23. Bg6+ Ke7 24. Bd3 Kd6 25. Bxc4 bxc4 26. Qc2 Qe8 27. Rb1
g5 28. Ne5 Rb7 29. Re3 Rxb1+ 30. Qxb1 Qb5 31. Qc1 Qa4 32. Qd2 Bd7 33. Re1 Qa3
34. h3 Ke7 35. Qc2 Kd8 36. Ng4 Rf8 37. Rb1 Kc7 38. Nxh6 Qd6 39. Qb2 Bb5 40. Ng4
Qc6 41. Ne5 Qe8 {... and Black resigned.} 1-0

[Event "DOTMLPFi FIDE Invitational"]
[Site "Yorktown"]
[Date "2010.11.28"]
[Round "9.4"]
[White "Belke, Thomas"]
[Black "Himanshu, Keskar"]
[Result "1-0"]
[WhiteElo "1869"]
[BlackElo "1855"]
[PlyCount "107"]
[TimeControl "240+2"]

{496MB, DFritz11.ctg, MikesQuadPC} 1. e4 c5 2. Nf3 d6 3. Bb5+ Bd7 4. Bxd7+ Nxd7
5. O-O Ngf6 6. d3 g6 7. h3 Bg7 8. Re1 O-O 9. Nbd2 Qc7 10. Nf1 a6 11. g4 b5 12.
c3 Rfe8 13. Ng3 Red8 14. g5 Ne8 15. h4 a5 16. Rb1 b4 17. c4 a4 18. Kg2 Qc6 19.
Nh2 Nc7 20. f4 Ne6 21. Be3 Nd4 22. Bxd4 Bxd4 23. Nf3 Bg7 24. Rh1 b3 25. a3 e6
26. f5 exf5 27. exf5 d5 28. f6 Nxf6 29. gxf6 Bxf6 30. cxd5 Rxd5 31. Ne4 Bg7 32.
Re1 Rad8 33. Nf2 Qd7 34. Qe2 Qc6 35. Qe4 Qd7 36. Qe7 Qf5 37. Qe4 Qd7 38. Qe7
Qb5 39. Ne5 Rf8 40. Nfg4 Rd4 41. Nf6+ Bxf6 42. Qxf6 Qb7+ 43. Kf2 Qd5 44. h5
Rxd3 45. Nxd3 Qxd3 46. h6 Qd2+ 47. Kf3 Qxh6 48. Rh1 Qd2 49. Rbd1 Qc2 50. Qe5 h5
51. Rd5 Qc4 52. Qe4 Qb5 $4 53. Rdxh5 $1 gxh5 54. Rg1+ {... and Black resigned
because it's mate in 2 (54 ...Kh8  55.Qe5+ f6  56.Qxh5#)} 1-0